000 00398nam a22001457a 4500
005 20200622145534.0
008 200622b xxu||||| |||| 00| 0 eng d
082 _a345.4 AIR-L
110 _aALL INDIA REPORTER
_96278
245 _aTHE LABOUR AND INDUSTRIAL CASE [1974] LAB-J.C V-II
260 _aMUMBAI
_bALL INDIA REPORTER Pvt.Ltd.
_c1974
300 _a704p.
650 _aLAW
_95701
942 _cJRL
999 _c7394
_d7392